| 000 | 00809cam a2200241 a 4500 | ||
|---|---|---|---|
| 001 | 242157 | ||
| 005 | 20211206195553.0 | ||
| 008 | 990611s1998 enkb 000 0 eng | ||
| 010 | _a 99215252 | ||
| 040 |
_aDLC _cDLC _dDLC |
||
| 043 | _aa-pk--- | ||
| 050 | 0 | 0 |
_aDS377 _b.M64 1998 |
| 082 | 0 | 0 |
_a915.491045 _221 _bMOO |
| 100 | 1 |
_aMoorhouse, Geoffrey, _d1931-2009. _985838 |
|
| 245 | 1 | 0 |
_aTo the frontier / _cGeoffrey Moorhouse. |
| 260 |
_aLondon : _bPhoenix, _c1998. |
||
| 300 |
_a345 p. : _bmap ; _c20 cm. |
||
| 600 | 1 | 0 |
_aMoorhouse, Geoffrey, _d1931-2009 _xTravel _zPakistan. _985839 |
| 651 | 0 |
_aPakistan _xDescription and travel. _985840 |
|
| 906 |
_a7 _bcbc _corignew _d3 _encip _f19 _gy-gencatlg |
||
| 942 |
_2ddc _cBK |
||
| 999 |
_c587128 _d587128 |
||